[Event "Almeria Suqui U1600 op"]
[Site "Almeria"]
[Date "2015.07.26"]
[Round "8.3"]
[White "Lorente Serrano, Rosa Adela"]
[Black "Banu, Luis Theodor"]
[Result "1-0"]
[WhiteElo "1405"]
[BlackElo "1163"]
[PlyCount "45"]
[EventDate "2015.07.24"]
[EventType "tourn"]
[EventRounds "9"]
[EventCountry "ESP"]
[SourceTitle "EXT 2024"]
[Source "ChessBase"]
[SourceDate "2023.10.10"]
[SourceVersion "1"]
[SourceVersionDate "2023.10.10"]
[SourceQuality "1"]

1. Nf3 e5 2. Nxe5 Bc5 3. g3 Qf6 4. Nf3 Qe6 5. Bg2 Nf6 6. 0-0 0-0 7. d3 Bb6 8. e4 Qc6 9. c4 Qc5 10. Nc3 Ng4 11. Na4 Qa5 12. Nxb6 Qxb6 13. h3 Nf6 14. b3 Qd6 15. e5 Qc6 16. exf6 Qxf6 17. Bg5 Qd6 18. Re1 Nc6 19. Qe2 b6 20. Bf4 Qa3 21. Ng5 Nd4 22. Qe4 Rb8 23. Qxh7# 1-0